书目信息 |
| 题名: |
别放弃!
|
|
| 作者: | 郑士波 著 | |
| 分册: | ||
| 出版信息: | 北京 中国铁道出版社 2017 |
|
| 页数: | XIV, 191页 | |
| 开本: | 24cm | |
| 丛书名: | ||
| 单 册: | ||
| 中图分类: | G643.6 | |
| 科图分类: | ||
| 主题词: | 硕士生入学考试--Shuo Shi Sheng Ru Xue Kao Shi--自学参考资料 | |
| 电子资源: | ||
| ISBN: | 978-7-113-23316-7 | |
| 000 | 01080nam0 2200277 450 | |
| 001 | 012001004245 | |
| 005 | 20130128133059.0 | |
| 010 | @a978-7-113-23316-7@dCNY45.00 | |
| 099 | @aCAL 012017153435 | |
| 100 | @a20171102d2017 em y0chiy50 ea | |
| 101 | 0 | @achi |
| 102 | @aCN@b110000 | |
| 105 | @aa z 000yy | |
| 106 | @ar | |
| 200 | 1 | @a别放弃!@ABie Fang Qi!@d= Dont give up!@e你离考研成功仅需3个月@f郑士波著@zeng |
| 210 | @a北京@c中国铁道出版社@d2017 | |
| 215 | @aXIV, 191页@c图@d24cm@e自查手册1册 (46页 , 21cm) | |
| 307 | @a附:《考前90天复习时间管理自查手册》 | |
| 330 | @a本书由收获、播种、拼搏、冲刺、丰收感言等五章构成,具体包括:喜讯:连中三所大学;余秋雨PK北大;每个人心中都有一个北大梦/清华梦;燕园时光:漫卷诗书狂歌竞夜;辞职考研:为梦想起航;考研准备之时间安排篇等内容。 | |
| 510 | 1 | @aDont give up!@zeng |
| 517 | 1 | @a你离考研成功仅需3个月 |
| 606 | 0 | @a硕士生入学考试@AShuo Shi Sheng Ru Xue Kao Shi@j自学参考资料 |
| 690 | @aG643.6@v5 | |
| 701 | 0 | @a郑士波@4著@Azheng shi bo |
| 801 | 2 | @aCN@b江苏凤凰@c20191020 |
| 905 | @b1219693-6@dG643.6@e1292@f4 | |
| 别放弃!= Dont give up!:你离考研成功仅需3个月/郑士波著.-北京:中国铁道出版社,2017 |
| XIV, 191页:图;24cm+自查手册1册 (46页 , 21cm) |
| ISBN 978-7-113-23316-7:CNY45.00 |
| 本书由收获、播种、拼搏、冲刺、丰收感言等五章构成,具体包括:喜讯:连中三所大学;余秋雨PK北大;每个人心中都有一个北大梦/清华梦;燕园时光:漫卷诗书狂歌竞夜;辞职考研:为梦想起航;考研准备之时间安排篇等内容。 |
| ● |
| 相关链接 |
|
|
|
|
正题名:别放弃!
索取号:G643.6/1292
 
预约/预借
| 序号 | 登录号 | 条形码 | 馆藏地/架位号 | 状态 | 备注 |
| 1 | 1219693 | 212196933 | 第一样本阅览室/ [索取号:G643.6/1292] | 在馆 | |
| 2 | 1219694 | 212196942 | 教育系资料室/ [索取号:G643.6/1292] | 在馆 | |
| 3 | 1219695 | 212196951 | 教育系资料室/ [索取号:G643.6/1292] | 在馆 | |
| 4 | 1219696 | 212196960 | 第四借阅区/ [索取号:G643.6/1292] | 在馆 |